Linear Algebra (sem-ii) (Record no. 38841)

MARC details
000 -LEADER
fixed length control field 00461nam a2200193Ia 4500
008 - FIXED-LENGTH DATA ELEMENTS--GENERAL INFORMATION
fixed length control field 220531s9999 xx 000 0 und d
041 ## - LANGUAGE CODE
Language code of text/sound track or separate title eng
082 ## - DEWEY DECIMAL CLASSIFICATION NUMBER
Item number PAT
100 ## - MAIN ENTRY--PERSONAL NAME
Personal name Patil, S. R. And Others
9 (RLIN) 69219
245 ## - TITLE STATEMENT
Title Linear Algebra (sem-ii)
250 ## - EDITION STATEMENT
Edition statement 1ST
260 ## - PUBLICATION, DISTRIBUTION, ETC. (IMPRINT)
Place of publication, distribution, etc. Pune
Name of publisher, distributor, etc. Nirali
Date of publication, distribution, etc. 2014
300 ## - PHYSICAL DESCRIPTION
Extent M.2
542 ## - INFORMATION RELATING TO COPYRIGHT STATUS
Copyright holder 19-11-2014
551 ## -
-- Science
650 ## - SUBJECT ADDED ENTRY--TOPICAL TERM
Topical term or geographic name as entry element Management
9 (RLIN) 69220
906 ## - LOCAL DATA ELEMENT F, LDF (RLIN)
d 2014-2015
f 2817
Holdings
Withdrawn status Lost status Source of classification or shelving scheme Damaged status Not for loan Collection code Home library Current library Date acquired Vendor Cost, normal purchase price Total Checkouts Total Holds Full call number Barcode Date last seen Bill Date Koha item type Original Barcode
Withdrawn   Dewey Decimal Classification       Shri Siddhivinayak Mahila Mahavidyalaya Shri Siddhivinayak Mahila Mahavidyalaya 25/11/2014 Nirali 180.00   5 /PAT/B/20309 SSMM-BK-20309 06/08/2022 06/08/2022 Books 010020309